Statistics for Random City to Country

Click here to take the quiz!

General Stats

  • This quiz has been taken 34 times
  • The average score is 17 of 20

Answer Stats

CityAnswer% Correct
HelsinkiFinland
100%
LyonFrance
100%
GdanskPoland
100%
TunisTunisia
100%
LagosNigeria
97%
PretoriaSouth Africa
97%
SochiRussia
94%
OdessaUkraine
94%
GranadaSpain
91%
MalmöSweden
91%
IzmirTurkey
91%
InvernessUnited Kingdom
91%
LhasaChina
85%
BusanSouth Korea
85%
ManausBrazil
82%
Hoi AnVietnam
82%
JubaSouth Sudan
79%
Chiang MaiThailand
79%
AlmatyKazakhstan
76%
BatumiGeorgia
15%

Score Distribution

Percentile by Number Answered

Percent of People with Each Score

Your Score History

You have not taken this quiz